| 000 | 00441nam a22001697a 4500 | ||
|---|---|---|---|
| 003 | SGT | ||
| 020 | _a9781635501896 | ||
| 082 |
_a616.85 _bL21K |
||
| 100 | _aKOHNERT, KATHRYAN | ||
| 245 | _aLANGUAGE DISORDERS IN BILINGUAL CHILDEREN AND ADULTS | ||
| 250 | _a3RD | ||
| 260 |
_aSAN DIEGO _bPLURAL PUB _c2021 |
||
| 300 | _a375 | ||
| 650 | _aAUDIOLOGY | ||
| 653 | _aLANGUAGE DISORDERS IN BILINGUAL CHILDEREN AND ADULTS | ||
| 942 |
_2ddc _cBK |
||
| 999 |
_c26896 _d26896 |
||